000
002540000a22000970004500
100
1
_a
Uphoff, Norman
245
1
0
_a
Local institutions : Defining them, seeing them, helping them
300
_a
Núm 34 (1992), Páginas 3-5
773
0
_t
Together
942
_c
ANA
999
_c
56335
_d
56335